000
00253nam a2200097Ia 4500
001
752358
005
20250826164701.0
008
250824s9999 xx 000 0 und d
245
0
_a
GECE UÇUŞU
_c
ANTOİNE DE SAİNT-EXUPERY
260
_b
ATLIKARINCA YAYINLARI
999
_c
752358
_d
752358